00614 2200181 4500001002100000005001500021035002000036007000300056008004100059020000600100082001200106084001800118245013900136260006900275300003000344650002100374110003700395INLIS00000000000461520260511072935 a0010-0526000029ta260511 g 0 ind  a- a348.598 a348.598 PEM p1 aPeraturan Daerah Kabupaten Tana Tidung Nomor 13 Tahun 2012 Tentang Pajak Daerah /cPemerintah Kabupaten Tana Tidung (Penanggung Jawab) aKabupaten Tana Tidung :bPemerintah Kabupaten Tana Tidung,c2012 a101 Hal :bTeks ;c20,5cm 4aPeraturan Daerah0 aPemerintah Kabupaten Tana Tidung